| 000 | 01502nam0a2200361 4500 | ||
|---|---|---|---|
| 001 | RU\NLR\bibl\1777643 | ||
| 005 | 20260405223205.0 | ||
| 010 |
_a978-5-903748-11-2 _9500 |
||
| 021 |
_aRU _b2011-36416 _92599 |
||
| 035 | _a(nilc)DITM\BIBL\0000001925 | ||
| 035 | _a(NLR Aleph) 001768405 | ||
| 090 |
_a1622376 _c1622376 |
||
| 100 | _a20100118d2009 |||y0rusy50 ca | ||
| 101 | 0 | _arus | |
| 102 | _aRU | ||
| 105 | _aa ||||||||| | ||
| 200 | 1 |
_aВ обнимки с Бабою Ягой _eкнига стихов _fГригорий Сыпко _g[ил. Александр Митрич] |
|
| 210 |
_aМурманск _cОпимах _d2009 |
||
| 215 |
_a70, [1] с. _cил., портр. _d18 |
||
| 225 | 1 | _aПервая книга поэта - Мурманск | |
| 327 | 0 | _aСодерж.: Циклы: Про уродов и людей; Трещат призывно позвонки; Лес бывает всяким; Мы живем одним кредитом | |
| 686 |
_a84(2Рос=Рус)6-5 _vLBC/PL _2rubbk |
||
| 686 | _aШ6(2=Р)8-5 | ||
| 700 | 1 |
_aСыпко _bГ. В. _gГригорий Вадимович _4070 |
|
| 702 | 1 |
_4040 _7ca _8rus _aМитрич _bА. _cхудожник _gАлександр _984327 _3RU\NLR\auth\77101401 |
|
| 801 | 0 |
_aRU _bМурманская ГОУНБ _c20100118 _grcr |
|
| 801 | 1 |
_aRU _bМурманская ГОУНБ _c20100118 _2rusmarc |
|
| 801 | 2 |
_aRU _bNLR _c20110607 _grcr |
|
| 830 | _aпо кн | ||
| 942 | _cBOOK | ||
| 980 | _aNB | ||